Loading...
| Beliefs | 7 | 14.29 | 86% | 29% | 29% |
| Fine Arts - Classical Music and Opera | 9 | 16.67 | 89% | 78% | 0% |
| Fine Arts - Other Arts | 5 | 14.00 | 80% | 40% | 20% |
| Geography | 4 | 12.50 | 100% | 25% | 0% |
| History - American | 9 | 16.67 | 89% | 78% | 0% |
| History - Ancient | 7 | 12.86 | 86% | 43% | 0% |
| History - European | 7 | 15.71 | 86% | 57% | 14% |
| History - Other | 2 | 5.00 | 50% | 0% | 0% |
| History - World | 9 | 20.00 | 100% | 67% | 33% |
| Literature - American | 5 | 16.00 | 100% | 40% | 20% |
| Literature - British | 5 | 14.00 | 100% | 40% | 0% |
| Literature - European | 7 | 17.14 | 100% | 57% | 14% |
| Literature - World | 7 | 17.14 | 86% | 57% | 29% |
| Philosophy | 8 | 10.00 | 75% | 25% | 0% |
| Science - Biology | 6 | 18.33 | 100% | 50% | 33% |
| Science - Chemistry | 3 | 10.00 | 33% | 67% | 0% |
| Science - Other | 9 | 15.56 | 89% | 44% | 22% |
| Science - Physics | 5 | 16.00 | 80% | 60% | 20% |
| Social Science | 7 | 12.86 | 100% | 29% | 0% |
| Visual Arts | 3 | 20.00 | 100% | 67% | 33% |